| 000 | 00732nam a2200217Ia 4500 | ||
|---|---|---|---|
| 003 | GCL | ||
| 008 | 140319s9999 xx 000 0 ara d | ||
| 040 |
_aGCL / _cGCL |
||
| 082 | 0 | 4 |
_aق _b598.2 _bأ ع |
| 100 | 1 | _aاحمد محمد عبدالخالق | |
| 245 | 1 | 0 |
_aعالم الطير فى مصر / _cاحمد محمد عبدالخالق |
| 260 |
_aالقاهرة : _bدار القلم ، _c1962 |
||
| 300 |
_a115 ص ؛ _c18 سم |
||
| 490 |
_aالمكتبة الثقافية _v67 |
||
| 650 | 0 | 4 | _aالطيور الجارحة |
| 650 | 0 | 4 | _aالطيور - العادات والسلوك |
| 650 | 0 | 4 | _aالطيور - هجرة |
| 650 | 0 | 4 | _aالطيور فى مصر |
| 650 | 0 | 4 | _aالطيور المغردة |
| 942 |
_2ddc _cBK |
||
| 999 |
_c36530 _d36530 |
||